<?xml version="1.0" encoding="UTF-8"?>
<marc:record xmlns:marc="http://www.loc.gov/MARC21/slim">
   <marc:leader>00000nam a2200000 a 4500</marc:leader>
   <marc:datafield ind1="1" ind2=" " tag="100">
      <marc:subfield code="a">Sanders-Brahms, Helma</marc:subfield>
      <marc:subfield code="4">aut</marc:subfield>
      <marc:subfield code="e">Verfasser/-in</marc:subfield>
   </marc:datafield>
   <marc:datafield ind1="0" ind2="0" tag="245">
      <marc:subfield code="a">Geliebte Clara</marc:subfield>
   </marc:datafield>
   <marc:datafield ind1="0" ind2="0" tag="245">
      <marc:subfield code="b">Extras: Making of, Fotogalerie,  Interview, Trailer u. a.</marc:subfield>
   </marc:datafield>
   <marc:datafield ind1="0" ind2="0" tag="245">
      <marc:subfield code="c">Sanders-Brahms, Helma</marc:subfield>
   </marc:datafield>
   <marc:datafield ind1=" " ind2="1" tag="264">
      <marc:subfield code="a">Leipzig</marc:subfield>
   </marc:datafield>
   <marc:datafield ind1="1" ind2=" " tag="520">
      <marc:subfield code="a">Für Johannes Brahms und Robert Schumann war sie der Mittelpunkt der Welt: Clara Schumann. Im Jahr 1850 ist die berühmte Pianistin und Komponistin Clara Schumann mit ihrem Mann Robert Schumann und ihren Kindern auf dem Weg nach Düsseldorf. Nach vielen anstrengenden Jahren auf Tournee will Robert dort eine feste Stelle als städtischer Musikdirektor antreten. Doch nach ihrem letzten Konzert in Hamburg lernt Clara den 14 Jahre jüngeren Johannes Brahms kennen, dessen Talent auch ihren Mann begeistert. Aber Brahms ist nicht nur Claras Virtuosität am Klavier verfallen ...</marc:subfield>
   </marc:datafield>
   <marc:datafield ind1=" " ind2=" " tag="338">
      <marc:subfield code="a">Videodisk</marc:subfield>
   </marc:datafield>
</marc:record>
